• 首页
  • 本馆介绍
  • 公告通知
  • 最新文献
  • 馆藏检索
  • 电子资源
  • 读者导购
  • 参考咨询
  • 我的图书馆
  • 登录
  • 详细信息显示
  • 放入我的书架
  • 预约/预借图书
  • 作者相关作品
  • 分类相关作品
  • 丛书相关作品
  • 出版社相关作品

书目信息

  • 表格格式
  • 工作单格式
  • 卡片格式
题名:
太阳能
    
 
作者: 麦克维 , Mcveigh 著 ;方铎荣 译
分册:  
出版信息: 北京   国防工业出版社  1984
页数: 249页
开本: 19cm
丛书名:
单 册:
中图分类: TK519
科图分类:
主题词: 太阳能--技术
电子资源:
ISBN:
000 00945nam0 2200301 45
001 0184016452
005 20040520162652.0
010    @dCNY0.86
091    @a15034.2693
100    @a19950526d1984 em y0chiy0121 ea
101 1  @achi@ceng
102    @aCN@b110000
105    @ay z 000yy
106    @ar
200 10 @a太阳能@Atai yang neng@e太阳能应用导论@f(英)麦克维(Mcveigh,J.C.)著@g方铎荣等译
210    @a北京@c国防工业出版社@d1984
215    @a249页@d19cm
300    @a书名原文:An introduction to the applications of solar energy
510 1  @aAn introduction to the applications of solar energy@zeng
517 1  @a太阳能应用导论@Atai yang neng ying yong dao lun
606 0  @a太阳能@x技术
690    @aTK519
701  1 @a麦克维@Amai ke wei@bJ.C.@4著
701 A1 @aMcveigh@bJ.C.@4著
702  0 @a方铎荣@Afang duo rong@4译
801  0 @aCN@b上海图书馆@c20040520
801  2 @aCN@bNLC@c20040520
905    @f1@b117578@dTK519@e12
    
    太阳能:太阳能应用导论/(英)麦克维(Mcveigh,J.C.)著/方铎荣等译.-北京:国防工业出版社,1984
    249页;19cm
    书名原文:An introduction to the applications of solar energy
    
    ISBN :CNY0.86
    
●
相关链接 在E读中查询图书 在五车中查询图书 在当当中查询图书 在豆瓣中查询图书


正题名:太阳能     索取号:TK519/12         预约/预借

序号 登录号 条形码 馆藏地/架位号 状态 备注
1 0117578   001367489   第三借阅区/ [索取号:TK519/12] 在馆    
2 0117579   001367443   第二样本阅览室/ [索取号:TK519/12] 在馆    
唐山师范学院图书馆 欢迎您!
大连网信软件有限公司© 版权所有